Pla intermunicipal d'integració dels immigrants estrangers del Baix Llobregat Nord / Rafael Crespo Ubero, Carmen Delgado García, Òscar Pasqual Sorribes
Descripción Física:
258 p. ; 24 cm
Colección:
Col·lecció serveis socials ; 16
Materias:
Baix Llobregat -- Emigració i immigració
MARC
| LEADER | 00000nam a2200000Ia 4500 | ||
|---|---|---|---|
| 001 | 12643 | ||
| 008 | 160829s2000 xx 000 0 cat d | ||
| 080 | |a S-1-52 | ||
| 100 | 1 | |a Crespo, Rafael |9 38062 | |
| 245 | |a Pla intermunicipal d'integració dels immigrants estrangers del Baix Llobregat Nord / Rafael Crespo Ubero, Carmen Delgado García, Òscar Pasqual Sorribes | ||
| 260 | |a Barcelona : |b Diputació de Barcelona, Àrea de Benestar Social, |c 2000 | ||
| 300 | |a 258 p. ; |c 24 cm | ||
| 490 | |a Col·lecció serveis socials ; 16 | ||
| 650 | |a Baix Llobregat |x Emigració i immigració |9 35077 | ||
| 700 | |a Delgado García, Carmen |9 35078 | ||
| 700 | 1 | |a Pascual Sorribes, Oscar |9 4913 | |
| 710 | 1 | |a Barcelona (Catalunya : Província). |b Àrea de Benestar Social |9 52988 | |
| 901 | |a Arxiu | ||
| 942 | |n 1 | ||
| 952 | |0 0 |1 0 |4 0 |6 S152 |7 1 |9 46757 |a Arxiu |b Arxiu |d 2016-12-01 |l 0 |o S-1-52 |p 12643 |r 2016-12-01 00:00:00 |w 2016-12-01 |y ARXIU | ||
| 999 | |c 50550 |d 50550 | ||